All Levels in Escape The Backrooms - Statistics

General Stats
  • This quiz has been taken 37 times
    16 since last reset
  • The average score is 36 of 45
Answer Stats
Answer % Correct
Abandoned Office
100%
Cave System (Part 1)
100%
Cave System (Part 2)
100%
Electrical Station
100%
Habitable Zone (Floor 1)
100%
Habitable Zone (Floor 2)
100%
Habitable Zone (Floor 3)
100%
Habitable Zone (Floor 4)
100%
Level 94 (Floating Castle)
100%
Level Fun
100%
Level Fun Plus
100%
Pipe Dreams (Part 1)
100%
Pipe Dreams (Part 2)
100%
Run For Your Life!
100%
Terror Hotel (Boiler Room)
100%
Terror Hotel (Lobby)
100%
Terror Hotel (Rooms)
100%
Thalassophobia
100%
The End
100%
The Lobby
100%
The Poolrooms
100%
The Suburbs (Part 1)
100%
The Suburbs (Part 2)
100%
Hotel Chase
75%
Kitty’s House
75%
Level 188 (Expanded)
75%
Level 188 (Small)
75%
Level 94 (Town)
75%
Level You Cheated
75%
Lights Out
75%
The Grassrooms
75%
The Hub
75%
The Snackrooms
75%
The True Ending
75%
Wheat Field
75%
Dark Poolrooms
50%
Level 0.1
50%
Level 0.2
50%
Level 55.1
50%
Overgrowth
50%
School Halls
50%
The Infinite Staircase
50%
Abandoned Outpost
25%
Level 0.11
25%
The Bunker
25%
No matching quizzes found
Score Distribution
Percent of People with Each Score
Percentile by Number Answered
Your Score History
You have not taken this quiz since the last reset